header

Managing knowledge security (Record no. 238431)

MARC details
000 -LEADER
fixed length control field 01323nam a2200337Ia 4500
082 04 - DEWEY DECIMAL CLASSIFICATION NUMBER
Classification number 658.4/72
100 1# - MAIN ENTRY--AUTHOR NAME
Personal name Desouza, Kevin C.,
245 10 - TITLE STATEMENT
Title Managing knowledge security
260 ## - PUBLICATION, DISTRIBUTION, ETC. (IMPRINT)
Place of publication London ;
-- Philadelphia :
Name of publisher Kogan Page Ltd,
Year of publication c2007.
300 ## - PHYSICAL DESCRIPTION
Number of Pages xx, 200 p.
650 #0 - SUBJECT ADDED ENTRY--TOPICAL TERM
Topical Term Business enterprises
Topical Term Intellectual capital
Topical Term Knowledge management.
856 40 - ELECTRONIC LOCATION AND ACCESS
Uniform Resource Identifier http://site.ebrary.com/lib/rucke/Doc?id=10180620

No items available.

© 2026 Rongo University
Contact us: librarian | system librarian | Rongo university